Southville International School and Colleges
Your cart is empty.
  • Cart
  • Lists
    Public lists Eva Luna New books Lux_list list_1
    Your lists Log in to create your own lists
  • Log in to your account
  • Your cookies
  • Search history
Southville International School and Colleges
  • Advanced search
  • Recent comments
  • Most popular
  • Libraries

Log in to your account

Log in with GOOGLE


If you do not have an external account, but do have a local account, you can still log in:

  1. Home
  2. MARC view: Music fundamentals, methods, and materials for the elementary classroom teacher /
Normal view MARC view ISBD view

Music fundamentals, methods, and materials for the elementary classroom teacher / (Record no. 113147)

[ view plain ]
MARC details
000 -LEADER
fixed length control field 00622nam a2200181 a 4500
001 - CONTROL NUMBER
control field 3764
005 - DATE AND TIME OF LATEST TRANSACTION
control field 20140414132004.0
008 - FIXED-LENGTH DATA ELEMENTS--GENERAL INFORMATION
fixed length control field 061012s19uu xx 00 eng d
020 ## - INTERNATIONAL STANDARD BOOK NUMBER
International Standard Book Number 0-8013-0320-6
050 ## - LIBRARY OF CONGRESS CALL NUMBER
Classification number TR 372.87
Item number B706 1990
100 ## - MAIN ENTRY--PERSONAL NAME
Personal name Boyer-White, Rene
245 ## - TITLE STATEMENT
Title Music fundamentals, methods, and materials for the elementary classroom teacher /
Statement of responsibility, etc Michon Rozmajzl ; Rene Boyer-White.
260 ## - PUBLICATION, DISTRIBUTION, ETC. (IMPRINT)
Place of publication, distribution, etc White Plains, NY :
Name of publisher, distributor, etc Longman,
Date of publication, distribution, etc 1990.
300 ## - PHYSICAL DESCRIPTION
Extent 334 p. : ill. ; cm.
500 ## - GENERAL NOTE
General note Includes bibliograhical references.
650 ## - SUBJECT ADDED ENTRY--TOPICAL TERM
Topical term or geographic name as entry element School music
General subdivision Instruction and study
-- United States.
Holdings
Withdrawn status Lost status Damaged status Use restrictions Home library Current library Shelving location Date acquired Source of acquisition Total Checkouts Full call number Barcode Date last seen Price effective from Koha item type
        Munich Library Munich Library Teachers Reference Section 10/12/2006     TR 372.87 B706 1990 M4643 04/14/2014 04/14/2014 Books

Music fundamentals, methods, and materials for the elementary classroom teacher /

APA

Boyer-White R., . (1990). Music fundamentals, methods, and materials for the elementary classroom teacher. White Plains, NY: Longman.

Chicago

Boyer-White Rene, . 1990. Music fundamentals, methods, and materials for the elementary classroom teacher. White Plains, NY: Longman.

Harvard

Boyer-White R., . (1990). Music fundamentals, methods, and materials for the elementary classroom teacher. White Plains, NY: Longman.

MLA

Boyer-White Rene, . Music fundamentals, methods, and materials for the elementary classroom teacher. White Plains, NY: Longman. 1990.

  • Place hold
  • Print
  • Cite
  • Add to your cart (remove)
  • Save record
    BIBTEX Dublin Core MARCXML MARC (non-Unicode/MARC-8) MARC (Unicode/UTF-8) MARC (Unicode/UTF-8, Standard) MODS (XML) RIS
  • More searches
    Search for this title in:
    Other Libraries (WorldCat) Other Databases (Google Scholar) Online Stores (Bookfinder.com) Open Library (openlibrary.org)

Exporting to Dublin Core...

SOUTHVILLE LIBRARY

Southville International School and Colleges Library

1281 Tropical Ave. Cor. Luxembourg St., BF Homes International, Las Pinas City

Tel. No. 8256374 / 252358 Loc. 117/146

Powered by Koha